[Event "3rd Sat Djenovici May IM"]
[Site "Djenovici MNE"]
[Date "2018.05.19"]
[Round "1.1"]
[White "Bozanic, Ivica"]
[Black "Klasan, Vladimir"]
[Result "0-1"]
[WhiteTitle "FM"]
[BlackTitle "IM"]
[WhiteElo "2176"]
[BlackElo "2384"]
[WhiteFideId "14501414"]
[BlackFideId "934054"]
[EventDate "2018.05.19"]

1. e4 c5 2. Nf3 Nc6 3. c4 e5 4. g3 d6 5. d3 g6 6. Nc3 Bg7 7. h4 h6 8. Bh3 Be6 9.
h5 g5 10. g4 Nf6 11. Ng1 Qd7 12. f3 O-O 13. Be3 a6 14. Qd2 Nd4 15. Rh2 b5 16.
Nd5 Rab8 17. Bf1 Bxd5 18. cxd5 Rfe8 19. Rf2 b4 20. Ne2 a5 21. Ng3 a4 22. Bxd4
exd4 23. O-O-O Kh7 24. Nf5 Ng8 25. Nxg7 Kxg7 26. f4 gxf4 27. Qxf4 Re5 28. Be2 a3
29. b3 Qe7 30. Rdf1 Rf8 31. Kc2 Qg5 32. Qxg5+ Rxg5 33. Bd1 f6 34. Kd2 Ne7 35.
Ke2 Rxg4 36. Kd2 Rg5 37. Rf4 Rg2+ 38. Be2 Nc8 39. Rg4+ Rxg4 40. Bxg4 Ne7 41. Be6
f5 42. exf5 Kf6 43. Rg1 Ke5 44. Re1+ Kf4 45. Rg1 Nxf5 46. Rf1+ Ke5 47. Kc1 Rf6
48. Rg1 Ne3 49. Rg6 Rf1+ 50. Kd2 Rf2+ 51. Ke1 Rxa2 0-1

[Event "3rd Sat Djenovici May IM"]
[Site "Djenovici MNE"]
[Date "2018.05.19"]
[Round "1.2"]
[White "Sredojevic, Ivan"]
[Black "Zherebtsova, Alexandra"]
[Result "1/2-1/2"]
[WhiteTitle "IM"]
[BlackTitle "WFM"]
[WhiteElo "2320"]
[BlackElo "2203"]
[WhiteFideId "929310"]
[BlackFideId "24129518"]
[EventDate "2018.05.19"]

1. e4 e5 2. Nf3 Nc6 3. Bb5 a6 4. Ba4 Nf6 5. O-O Be7 6. Re1 b5 7. Bb3 d6 8. c3
O-O 9. h3 Na5 10. Bc2 c5 11. d4 Nd7 12. Nbd2 exd4 13. cxd4 Nc6 14. d5 Nce5 15.
a4 Bb7 16. axb5 axb5 17. Rxa8 Qxa8 18. Nxe5 1/2-1/2

[Event "3rd Sat Djenovici May IM"]
[Site "Djenovici MNE"]
[Date "2018.05.19"]
[Round "1.3"]
[White "Viskic, Pavisa"]
[Black "Bujisic, Vlastimir"]
[Result "1/2-1/2"]
[BlackTitle "FM"]
[WhiteElo "2176"]
[BlackElo "2198"]
[WhiteFideId "14502739"]
[BlackFideId "914843"]
[EventDate "2018.05.19"]

1. e4 e5 2. Nf3 Nf6 3. Nc3 Nc6 4. Bc4 Nxe4 5. Nxe4 d5 6. Bxd5 Qxd5 7. Qe2 Bg4 8.
Nc3 Bxf3 9. Nxd5 Bxe2 10. Kxe2 O-O-O 11. Ne3 g6 12. d3 f5 13. c3 Bg7 14. Bd2 Rd7
15. Rad1 Rhd8 16. Bc1 h5 17. g3 Bh6 18. Rhf1 b5 19. f4 Re8 20. Kf3 Rxd3 21. Rxd3
e4+ 22. Ke2 exd3+ 23. Kxd3 Bg7 24. Bd2 Na5 25. b3 Nb7 26. Re1 Nc5+ 27. Kc2 Ne4
28. Re2 c6 29. Nd1 Kd7 30. Nf2 Nxf2 31. Rxf2 c5 32. Kd1 Kc6 33. Re2 Rxe2 34.
Kxe2 Kd5 35. Kd3 c4+ 36. bxc4+ bxc4+ 37. Ke3 a6 38. Be1 Bf6 39. h4 Be7 40. Ke2
Ke4 41. Bf2 Bf6 42. Be1 Kd5 43. Kd2 1/2-1/2

[Event "3rd Sat Djenovici May IM"]
[Site "Djenovici MNE"]
[Date "2018.05.19"]
[Round "1.4"]
[White "Lundin, Jan"]
[Black "Peng, Shunkai"]
[Result "1/2-1/2"]
[WhiteTitle "FM"]
[BlackTitle "FM"]
[WhiteElo "2315"]
[BlackElo "2203"]
[WhiteFideId "1706896"]
[BlackFideId "8614601"]
[EventDate "2018.05.19"]

1. f4 d5 2. Nf3 g6 3. g3 Bg7 4. Bg2 c6 5. c3 Qb6 6. e3 Na6 7. d4 Nf6 8. O-O Bf5
9. Nbd2 Rd8 10. Ne5 h5 11. Qe2 O-O 12. h3 Qb5 13. Qd1 Nc7 14. g4 hxg4 15. hxg4
Bc8 16. f5 gxf5 17. gxf5 Nce8 18. Rf2 c5 19. Qf3 Nd6 20. Bh3 Kh7 21. Rh2 Bh6 22.
Bf1 Rg8+ 23. Kh1 c4 24. e4 dxe4 25. Nxe4 Nfxe4 26. Rxh6+ Kg7 27. Rh4 Bxf5 28.
Bh6+ Kf6 29. b3 Rg3 30. Qf4 Rdg8 31. Re1 e6 32. Nxc4 Qc6 33. Kh2 R3g4 34. Qe5+
Ke7 35. Rxg4 Rxg4 36. Nxd6 Rh4+ 37. Kg1 Rg4+ 38. Bg2 Nxd6 39. d5 Qc5+ 40. Be3
Qxd5 41. Qxd5 exd5 42. Kh2 Be4 43. Bh3 Rg8 44. c4 f5 45. cxd5 Rc8 46. Kg3 Rc2
47. Kf4 Rh2 48. Bxf5 Nxf5 49. Bc5+ Kd7 50. Rxe4 b6 51. Bg1 Rg2 52. Kxf5 Rxg1 53.
Ke5 Rg2 54. a4 Rg3 55. Rf4 Re3+ 56. Kd4 Rxb3 57. Rf7+ Kd6 58. Rxa7 Rb4+ 59. Kc3
Rb1 60. Kc4 Rc1+ 61. Kb5 Rb1+ 62. Ka6 Kxd5 63. Rb7 Rb4 64. Rxb6 1/2-1/2

[Event "3rd Sat Djenovici May IM"]
[Site "Djenovici MNE"]
[Date "2018.05.19"]
[Round "1.5"]
[White "Nikac, Predrag"]
[Black "Uysal, Burak"]
[Result "0-1"]
[WhiteTitle "IM"]
[WhiteElo "2332"]
[BlackElo "2196"]
[WhiteFideId "908975"]
[BlackFideId "6339387"]
[EventDate "2018.05.19"]

1. e4 e5 2. Nf3 Nc6 3. Bc4 Bc5 4. O-O Nf6 5. d4 Bxd4 6. Nxd4 Nxd4 7. f4 d6 8.
fxe5 dxe5 9. Bg5 Qe7 10. Nd2 Bd7 11. c3 Ne6 12. Bxf6 gxf6 13. Qf3 Rg8 14. Qxf6
Qxf6 15. Rxf6 Ke7 16. Raf1 Raf8 17. Rh6 Rg7 18. Nf3 f6 19. Nh4 Ng5 20. Rd1 Nxe4
21. Bd3 Nd6 22. Rxh7 Rg8 23. Kf2 Rxh7 24. Bxh7 Rg4 25. Nf3 e4 26. Re1 f5 27. Ne5
Rg7 28. Nxd7 Kxd7 29. Bxf5+ Nxf5 30. Rxe4 Re7 31. Rb4 b6 32. g4 Nd6 33. h4 Ke6
34. Ra4 Ke5 35. Kf3 Rf7+ 36. Ke3 c5 37. b4 c4 38. b5 Rf4 39. Rxa7 Rxg4 40. a4
Rxh4 41. Ra6 Rh3+ 42. Ke2 Ne4 43. a5 Nxc3+ 44. Ke1 bxa5 45. b6 Rh8 46. b7 Rb8
47. Rxa5+ Kd4 0-1

[Event "3rd Sat Djenovici May IM"]
[Site "Djenovici MNE"]
[Date "2018.05.20"]
[Round "2.1"]
[White "Klasan, Vladimir"]
[Black "Uysal, Burak"]
[Result "1/2-1/2"]
[WhiteTitle "IM"]
[WhiteElo "2384"]
[BlackElo "2196"]
[WhiteFideId "934054"]
[BlackFideId "6339387"]
[EventDate "2018.05.19"]

1. e4 e5 2. Nf3 Nc6 3. c3 Nf6 4. d3 d5 5. Qc2 a5 6. a4 h6 7. Be2 Bc5 8. O-O O-O
9. Na3 Re8 10. h3 dxe4 11. dxe4 Nh5 12. Nc4 Ng3 13. Rd1 Qf6 14. Be3 Nxe2+ 15.
Qxe2 Bf8 16. Nfd2 b6 17. Na3 Bxa3 18. Rxa3 Ba6 19. Qg4 Rad8 20. Raa1 Qe6 21.
Qxe6 Rxe6 22. Nf1 Red6 23. Rxd6 1/2-1/2

[Event "3rd Sat Djenovici May IM"]
[Site "Djenovici MNE"]
[Date "2018.05.20"]
[Round "2.2"]
[White "Peng, Shunkai"]
[Black "Nikac, Predrag"]
[Result "1-0"]
[WhiteTitle "FM"]
[BlackTitle "IM"]
[WhiteElo "2203"]
[BlackElo "2332"]
[WhiteFideId "8614601"]
[BlackFideId "908975"]
[EventDate "2018.05.19"]

1. d4 g6 2. e4 Bg7 3. Nf3 c6 4. c4 d5 5. e5 Bg4 6. Nbd2 e6 7. Qb3 Qb6 8. h3 Bxf3
9. Nxf3 Ne7 10. c5 Qc7 11. Qc3 Nd7 12. Bd3 a5 13. b3 O-O 14. O-O Rfe8 15. Re1 a4
16. b4 b6 17. cxb6 Qxb6 18. a3 Nc8 19. Bf4 Na7 20. h4 Nb5 21. Qb2 f6 22. exf6
Bxf6 23. Be3 Qb7 24. Bg5 Bg7 25. Re2 Nxd4 26. Nxd4 c5 27. Be3 cxd4 28. Bxd4 e5
29. Bc3 Rac8 30. Rc1 e4 31. Bxg7 Rxc1+ 32. Qxc1 Kxg7 33. Qc3+ Nf6 34. Bc2 Qb5
35. Rd2 Kf7 36. Qd4 Re7 37. Bd1 Rc7 38. g4 Rc1 39. g5 Nh5 40. Qa7+ Kg8 41. Qa8+
Kf7 42. Rxd5 Qe2 43. Rd7+ Ke6 44. Qd5# 1-0

[Event "3rd Sat Djenovici May IM"]
[Site "Djenovici MNE"]
[Date "2018.05.20"]
[Round "2.3"]
[White "Bujisic, Vlastimir"]
[Black "Lundin, Jan"]
[Result "1/2-1/2"]
[WhiteTitle "FM"]
[BlackTitle "FM"]
[WhiteElo "2198"]
[BlackElo "2315"]
[WhiteFideId "914843"]
[BlackFideId "1706896"]
[EventDate "2018.05.19"]

1. e4 c6 2. d4 d5 3. Nd2 dxe4 4. Nxe4 Bf5 5. Ng3 Bg6 6. h4 h6 7. h5 Bh7 8. Nf3
Nd7 9. Bd3 Bxd3 10. Qxd3 e6 11. Bd2 Ngf6 12. O-O-O Be7 13. Kb1 O-O 14. Qe2 c5
15. dxc5 Qc7 16. Ne4 Nxe4 17. Qxe4 Nf6 18. Qe5 Qxe5 19. Nxe5 Bxc5 20. f3 Rad8
21. g4 Rd5 22. Nd3 Bb6 23. Bc3 Rfd8 24. Rde1 Bd4 25. Bxd4 Rxd4 26. Kc1 Nd5 27.
Rd1 Ne3 28. Rd2 f5 29. Re1 f4 30. Ree2 Nc4 31. Rd1 Ne3 32. Rdd2 Nc4 33. Rd1 e5
34. Nf2 Kf7 35. Rxd4 Rxd4 36. b3 Ne3 37. c3 Rd7 38. Rd2 Rc7 39. Kb2 b5 40. Ne4
Ke7 41. Rd3 Rd7 42. Rxd7+ Kxd7 43. Kc1 Kc6 44. Kd2 Kd5 45. Kd3 a5 46. a4 bxa4
47. c4+ Kc6 48. bxa4 Nd1 49. Kc2 Ne3+ 50. Kd3 Nd1 51. Kc2 Ne3+ 1/2-1/2

[Event "3rd Sat Djenovici May IM"]
[Site "Djenovici MNE"]
[Date "2018.05.20"]
[Round "2.4"]
[White "Zherebtsova, Alexandra"]
[Black "Viskic, Pavisa"]
[Result "1-0"]
[WhiteTitle "WFM"]
[WhiteElo "2203"]
[BlackElo "2176"]
[WhiteFideId "24129518"]
[BlackFideId "14502739"]
[EventDate "2018.05.19"]

1. d4 d6 2. c4 e5 3. Nf3 Nd7 4. Nc3 Ngf6 5. Bg5 Be7 6. Qc2 c6 7. O-O-O Qc7 8. h3
Nf8 9. e3 Ne6 10. Bh4 g6 11. c5 exd4 12. cxd6 Qxd6 13. Bg3 Qc5 14. exd4 Qa5 15.
Bc4 Nd5 16. Bxd5 cxd5 17. Qb3 O-O 18. Nxd5 Bd8 19. Bd6 Re8 20. Ne5 f6 21. Ng4
Kg7 22. Bb4 Qb5 23. Nc3 Qg5+ 24. Kb1 Nf4 25. Ne3 Bb6 26. h4 Bf5+ 27. Ka1 Qh5 28.
Ncd5 Nxd5 29. Qxd5 Be4 30. Qd7+ Kg8 31. g4 Qh6 32. Rhg1 Qxh4 33. Nf5 Bxf5 34.
gxf5 Qh6 35. fxg6 hxg6 36. Rh1 1-0

[Event "3rd Sat Djenovici May IM"]
[Site "Djenovici MNE"]
[Date "2018.05.20"]
[Round "2.5"]
[White "Bozanic, Ivica"]
[Black "Sredojevic, Ivan"]
[Result "0-1"]
[WhiteTitle "FM"]
[BlackTitle "IM"]
[WhiteElo "2176"]
[BlackElo "2320"]
[WhiteFideId "14501414"]
[BlackFideId "929310"]
[EventDate "2018.05.19"]

1. e4 b6 2. d4 Bb7 3. Bd3 g6 4. f4 Bg7 5. Nf3 d6 6. O-O Nd7 7. Qe2 e6 8. c3 Ne7
9. f5 exf5 10. exf5 O-O 11. fxg6 hxg6 12. Ng5 Nf6 13. Qf2 Qd7 14. h3 Nh7 15. Qh4
Nxg5 16. Bxg5 Qc6 17. Rf2 f6 18. Bd2 Rae8 19. Na3 Qd7 20. Re1 f5 21. Qg5 Rf7 22.
Rfe2 Bf6 23. Qg3 Ref8 24. Nc2 Kg7 25. Bg5 Nd5 26. Qh4 Rh8 27. Bxf6+ Nxf6 28. Qf4
Ne4 29. Bc4 Rf6 30. d5 g5 31. Qe3 g4 32. Nd4 gxh3 33. Nxf5+ Qxf5 34. g4 Qxg4+
35. Kh2 Ng5 36. Rg1 Nf3+ 0-1

[Event "3rd Sat Djenovici May IM"]
[Site "Djenovici MNE"]
[Date "2018.05.21"]
[Round "3.1"]
[White "Sredojevic, Ivan"]
[Black "Klasan, Vladimir"]
[Result "1/2-1/2"]
[WhiteTitle "IM"]
[BlackTitle "IM"]
[WhiteElo "2320"]
[BlackElo "2384"]
[WhiteFideId "929310"]
[BlackFideId "934054"]
[EventDate "2018.05.19"]

1. d4 d5 2. c4 dxc4 3. e3 Nf6 4. Bxc4 e6 5. Nf3 c5 6. dxc5 Qxd1+ 7. Kxd1 Bxc5 8.
Nc3 Nc6 9. a3 O-O 10. Ke2 b6 11. b4 Be7 12. Bb2 Bb7 13. Rhd1 Rfd8 14. Rac1 Rxd1
15. Rxd1 Rd8 16. Rxd8+ Bxd8 17. Bd3 Bc7 18. Nb5 Bb8 19. Nbd4 Nxd4+ 20. Bxd4 Ne4 1/2-1/2

[Event "3rd Sat Djenovici May IM"]
[Site "Djenovici MNE"]
[Date "2018.05.21"]
[Round "3.2"]
[White "Viskic, Pavisa"]
[Black "Bozanic, Ivica"]
[Result "0-1"]
[BlackTitle "FM"]
[WhiteElo "2176"]
[BlackElo "2176"]
[WhiteFideId "14502739"]
[BlackFideId "14501414"]
[EventDate "2018.05.19"]

1. c4 f5 2. g3 Nf6 3. Bg2 d6 4. Nc3 g6 5. Nf3 e5 6. O-O Bg7 7. d3 O-O 8. Bd2 Nc6
9. Rb1 a5 10. a3 h6 11. b4 axb4 12. axb4 g5 13. b5 Ne7 14. c5 Ng6 15. cxd6 cxd6
16. Qb3+ Kh8 17. Ne1 Qe7 18. Nc2 Be6 19. Qb2 d5 20. Ra1 f4 21. Nb4 e4 22. d4 h5
23. Rxa8 Rxa8 24. Ra1 Rxa1+ 0-1

[Event "3rd Sat Djenovici May IM"]
[Site "Djenovici MNE"]
[Date "2018.05.21"]
[Round "3.3"]
[White "Lundin, Jan"]
[Black "Zherebtsova, Alexandra"]
[Result "1/2-1/2"]
[WhiteTitle "FM"]
[BlackTitle "WFM"]
[WhiteElo "2315"]
[BlackElo "2203"]
[WhiteFideId "1706896"]
[BlackFideId "24129518"]
[EventDate "2018.05.19"]

1. f4 d5 2. Nf3 g6 3. g3 Bg7 4. Bg2 b6 5. O-O Bb7 6. d3 Nf6 7. c3 c5 8. Na3 O-O
9. e4 dxe4 10. Ng5 Nc6 11. Nxe4 Qd7 12. Nc4 Rad8 13. Qb3 Ba8 14. Nf2 Ne8 15. Re1
Nc7 16. a4 Rfe8 17. Ne3 e5 18. Bh3 Ne6 19. f5 Ng5 20. Bg2 Na5 21. Qd1 Bxg2 22.
Nxg2 Qxf5 23. g4 Qf6 24. Rf1 Qe7 25. Bxg5 Qxg5 26. Ne4 Qe7 27. Qf3 c4 28. Rad1
cxd3 29. Rxd3 Rxd3 30. Qxd3 Rd8 31. Qe2 Nb3 32. g5 h6 33. gxh6 Bh8 34. h7+ Kf8
35. Qc4 1/2-1/2

[Event "3rd Sat Djenovici May IM"]
[Site "Djenovici MNE"]
[Date "2018.05.21"]
[Round "3.4"]
[White "Nikac, Predrag"]
[Black "Bujisic, Vlastimir"]
[Result "1-0"]
[WhiteTitle "IM"]
[BlackTitle "FM"]
[WhiteElo "2332"]
[BlackElo "2198"]
[WhiteFideId "908975"]
[BlackFideId "914843"]
[EventDate "2018.05.19"]

1. e4 e5 2. Bc4 Nf6 3. d3 Be7 4. Nf3 d6 5. O-O O-O 6. a4 c6 7. Nbd2 Nbd7 8. Re1
Re8 9. Bxf7+ Kxf7 10. Ng5+ Kg8 11. Ne6 Qa5 12. Nc4 Qxe1+ 13. Qxe1 Rb8 14. f4
exf4 15. Bxf4 Ne5 16. Ng5 Nxc4 17. dxc4 h6 18. Nf3 Bf8 19. c5 Nxe4 20. cxd6 Bxd6
21. Bxd6 Nxd6 22. Qg3 1-0

[Event "3rd Sat Djenovici May IM"]
[Site "Djenovici MNE"]
[Date "2018.05.22"]
[Round "4.1"]
[White "Klasan, Vladimir"]
[Black "Peng, Shunkai"]
[Result "1/2-1/2"]
[WhiteTitle "IM"]
[BlackTitle "FM"]
[WhiteElo "2384"]
[BlackElo "2203"]
[WhiteFideId "934054"]
[BlackFideId "8614601"]
[EventDate "2018.05.19"]

1. e4 e6 2. d4 d5 3. Bd3 c5 4. exd5 Qxd5 5. Nc3 Qd8 6. dxc5 Bxc5 7. Bf4 Nf6 8.
Qe2 a6 9. O-O-O Nbd7 10. Nf3 Qe7 11. Rhg1 b5 12. Ne4 Bb7 13. Nxc5 Qxc5 14. Ne5
Nb6 15. Be3 Qxe5 16. Bxb6 Qxe2 17. Bxe2 Rc8 18. g3 Ke7 19. Kb1 Be4 20. Bd3 Rc6
21. Bxe4 Nxe4 22. Bd4 Rhc8 23. c3 g6 24. Be3 a5 25. Rd4 Rc4 26. Rgd1 Rxd4 27.
Rxd4 Nc5 28. b3 Nd7 29. Kb2 Nc5 30. Kc2 Na6 31. Kb2 Nc5 32. Rd1 Ne4 33. Rd3 Rc6
34. f3 Nc5 35. Rd4 Rc8 36. g4 f6 37. g5 f5 38. c4 bxc4 39. Rxc4 Nd3+ 40. Kc3
Rxc4+ 41. Kxc4 Ne5+ 42. Kb5 Nxf3 43. Kxa5 Kd7 44. Kb6 e5 45. a4 Kc8 46. a5 f4
47. Bc5 Nd4 48. a6 Kb8 49. Bd6+ Ka8 50. Bxe5 Ne2 51. Bd6 f3 52. Bc5 Nc1 53. Kc6
Nxb3 54. Bb6 Nc1 55. Kd5 Nd3 56. Ke6 f2 57. Bxf2 Nxf2 58. Kf7 Ne4 59. Kg7 Nxg5
60. Kh6 Nf3 61. Kxh7 g5 62. h3 Ng1 63. Kh6 Nxh3 64. Kh5 Ka7 65. Kg4 1/2-1/2

[Event "3rd Sat Djenovici May IM"]
[Site "Djenovici MNE"]
[Date "2018.05.22"]
[Round "4.2"]
[White "Bujisic, Vlastimir"]
[Black "Uysal, Burak"]
[Result "0-1"]
[WhiteTitle "FM"]
[WhiteElo "2198"]
[BlackElo "2196"]
[WhiteFideId "914843"]
[BlackFideId "6339387"]
[EventDate "2018.05.19"]

1. e4 e5 2. Nf3 Nc6 3. d4 exd4 4. Nxd4 Bc5 5. Be3 Qf6 6. c3 Nge7 7. g3 h5 8. h4
d5 9. Bg2 Bg4 10. Qa4 Bd7 11. Qd1 O-O-O 12. O-O Bg4 13. Qa4 dxe4 14. Nxc6 Bxe3
15. Nxe7+ Qxe7 16. fxe3 f5 17. Qxa7 g5 18. Qa8+ Kd7 19. Qxb7 gxh4 20. Qd5+ Kc8
21. Qa8+ Kd7 22. Qa4+ Ke6 23. Qc4+ Ke5 24. gxh4 Rhg8 25. Na3 Bf3 26. Rxf3 exf3
27. Qf4+ Kf6 28. Qxf3 Rd2 29. Re1 Rdxg2+ 30. Qxg2 Rxg2+ 31. Kxg2 Qe4+ 32. Kg1
Qxh4 33. Nc2 Qg3+ 0-1

[Event "3rd Sat Djenovici May IM"]
[Site "Djenovici MNE"]
[Date "2018.05.22"]
[Round "4.5"]
[White "Sredojevic, Ivan"]
[Black "Viskic, Pavisa"]
[Result "1/2-1/2"]
[WhiteTitle "IM"]
[WhiteElo "2320"]
[BlackElo "2176"]
[WhiteFideId "929310"]
[BlackFideId "14502739"]
[EventDate "2018.05.19"]

1. d4 Nf6 2. Nf3 g6 3. b3 Bg7 4. Bb2 d5 5. g3 O-O 6. Bg2 Bf5 7. O-O Qc8 8. Re1
c5 9. dxc5 Qxc5 10. Nd4 Bc8 11. c4 Rd8 12. Ba3 Qc7 13. Nb5 Qd7 14. Nd2 a6 15.
Nc3 d4 16. Nd5 Nxd5 17. cxd5 1/2-1/2

[Event "3rd Sat Djenovici May IM"]
[Site "Djenovici MNE"]
[Date "2018.05.23"]
[Round "5.1"]
[White "Viskic, Pavisa"]
[Black "Klasan, Vladimir"]
[Result "0-1"]
[BlackTitle "IM"]
[WhiteElo "2176"]
[BlackElo "2384"]
[WhiteFideId "14502739"]
[BlackFideId "934054"]
[EventDate "2018.05.19"]

1. e4 d5 2. exd5 Qxd5 3. Nc3 Qd6 4. d4 Nf6 5. Nge2 a6 6. Bf4 Qd8 7. Qd2 b5 8.
Ng3 Bb7 9. f3 e6 10. Nce4 Nbd7 11. Bd3 Be7 12. O-O O-O 13. Rad1 c5 14. Be3 Qc7
15. c3 Nd5 16. Bf2 Nf4 17. Bb1 c4 18. Ne2 Nd5 19. Bg3 Qb6 20. Kh1 f5 21. Nf2 g5
22. f4 g4 23. h3 h5 24. hxg4 hxg4 25. Bh2 Qc6 26. Rg1 Rf7 27. Ng3 Bd6 28. Nge4
Rh7 29. Nxg4 fxg4 30. Nxd6 Rxh2+ 31. Kxh2 Qxd6 32. Kg3 Rf8 33. Rdf1 N5f6 34. Rh1
Be4 35. Qe3 Bf5 36. Kh2 Bxb1 37. Rxb1 Nd5 38. Qg3 Qxf4 39. Rhf1 Qxg3+ 40. Kxg3
N7f6 41. Rbe1 Kf7 42. Re5 Rb8 43. Rfe1 Rb6 44. R1e2 Ne7 45. a4 Nf5+ 46. Kf4 Ne7
47. Kg5 Ned5 48. axb5 axb5 49. Re1 Rb8 50. Rxe6 Rh8 51. Rxf6+ Nxf6 52. Ra1 Rh5+
53. Kf4 Kg6 54. Re1 Rf5+ 55. Kg3 Kg5 0-1

[Event "3rd Sat Djenovici May IM"]
[Site "Djenovici MNE"]
[Date "2018.05.23"]
[Round "5.2"]
[White "Lundin, Jan"]
[Black "Sredojevic, Ivan"]
[Result "1/2-1/2"]
[WhiteTitle "FM"]
[BlackTitle "IM"]
[WhiteElo "2315"]
[BlackElo "2320"]
[WhiteFideId "1706896"]
[BlackFideId "929310"]
[EventDate "2018.05.19"]

1. e4 d6 2. Nc3 g6 3. f4 Bg7 4. Nf3 Nf6 5. d3 O-O 6. g3 c5 7. Bg2 Nc6 8. O-O Rb8
9. h3 b5 10. Be3 b4 11. Ne2 Bb7 12. b3 a5 13. g4 a4 14. Rc1 Ra8 15. f5 axb3 16.
axb3 Nd7 17. Qd2 Ra2 18. Bh6 Nde5 19. Bxg7 Kxg7 20. Ng5 h6 21. Nf3 Nxf3+ 22.
Rxf3 Ne5 23. Rf2 e6 24. d4 cxd4 25. Nxd4 exf5 26. gxf5 Qg5 27. fxg6 Qxd2 28.
Rxd2 Bc8 29. gxf7 Rxf7 30. Nb5 Bxh3 31. Nxd6 Rf4 32. Rf1 Rxf1+ 33. Kxf1 Nf3 34.
Nf5+ Bxf5 35. Bxf3 Be6 36. Ke2 Kf6 37. Ke3 Ke5 38. Rh2 Bf7 39. Rd2 Ra7 40. Bh5
Be6 41. Rd4 Rc7 42. Rxb4 Rxc2 43. Rb5+ Kd6 44. e5+ Kc6 45. Be8+ Kc7 46. b4 Rc3+
47. Kd4 Rc4+ 48. Kd3 Rh4 49. Kc3 Rh3+ 50. Kd4 Rh4+ 51. Kc3 1/2-1/2

[Event "3rd Sat Djenovici May IM"]
[Site "Djenovici MNE"]
[Date "2018.05.23"]
[Round "5.3"]
[White "Nikac, Predrag"]
[Black "Bozanic, Ivica"]
[Result "0-1"]
[WhiteTitle "IM"]
[BlackTitle "FM"]
[WhiteElo "2332"]
[BlackElo "2176"]
[WhiteFideId "908975"]
[BlackFideId "14501414"]
[EventDate "2018.05.19"]

1. e4 c5 2. Nf3 Nc6 3. d4 cxd4 4. Nxd4 Nf6 5. Nc3 e5 6. Nf3 Bb4 7. Bc4 Nxe4 8.
O-O Nxc3 9. bxc3 Be7 10. Qd5 O-O 11. Nxe5 Nxe5 12. Qxe5 Bf6 13. Qg3 d5 14. Rd1
Be6 15. Ba3 Re8 16. Rab1 Qa5 17. Bb4 Qa4 18. Bb3 Qc6 19. Qd6 a5 20. Bc5 Qxd6 21.
Bxd6 Red8 22. c4 a4 23. c5 axb3 24. axb3 Ra2 25. Rd2 Bf5 26. b4 Rxc2 27. Rxd5
Rxc5 0-1

[Event "3rd Sat Djenovici May IM"]
[Site "Djenovici MNE"]
[Date "2018.05.23"]
[Round "5.4"]
[White "Uysal, Burak"]
[Black "Zherebtsova, Alexandra"]
[Result "1-0"]
[BlackTitle "WFM"]
[WhiteElo "2196"]
[BlackElo "2203"]
[WhiteFideId "6339387"]
[BlackFideId "24129518"]
[EventDate "2018.05.19"]

1. e4 e5 2. Nf3 Nc6 3. Bb5 a6 4. Ba4 Nf6 5. O-O Be7 6. Re1 b5 7. Bb3 d6 8. c3
O-O 9. h3 Na5 10. Bc2 c5 11. d4 Nd7 12. Nbd2 exd4 13. cxd4 Nc6 14. d5 Nce5 15.
a4 Bb7 16. Nxe5 Nxe5 17. f4 Ng6 18. Nf3 Bf6 19. e5 Be7 20. Be4 f5 21. exf6 Bxf6
22. Bf5 Kh8 23. Be6 b4 24. f5 Ne5 25. Re4 Nxf3+ 26. Qxf3 a5 27. Rb1 Ba6 28. b3
Ra7 29. Qg3 Rc7 30. Bf4 Bh4 31. Qe3 Bf6 32. Kh1 Be7 33. g4 Qa8 34. Rd1 c4 35.
bxc4 Rxc4 36. Rxc4 Bxc4 37. g5 Rb8 38. Qd4 Qa6 39. f6 Bf8 40. Bc1 Be2 41. Bb2
Qb7 42. Rd2 Bh5 43. Rf2 Re8 44. f7 1-0

[Event "3rd Sat Djenovici May IM"]
[Site "Djenovici MNE"]
[Date "2018.05.23"]
[Round "5.5"]
[White "Peng, Shunkai"]
[Black "Bujisic, Vlastimir"]
[Result "1-0"]
[WhiteTitle "FM"]
[BlackTitle "FM"]
[WhiteElo "2203"]
[BlackElo "2198"]
[WhiteFideId "8614601"]
[BlackFideId "914843"]
[EventDate "2018.05.19"]

1. d4 d5 2. Bf4 Nf6 3. e3 e6 4. Nf3 Be7 5. h3 O-O 6. Nbd2 b6 7. Bd3 Bb7 8. a4 c5
9. c3 c4 10. Bc2 a6 11. Qb1 Nbd7 12. Ne5 Re8 13. g4 Nf8 14. h4 N6d7 15. g5 Nxe5
16. Bxe5 Bd6 17. Nf3 f6 18. gxf6 gxf6 19. Rg1+ Kh8 20. Ng5 1-0

[Event "3rd Sat Djenovici May IM"]
[Site "Djenovici MNE"]
[Date "2018.05.24"]
[Round "6.1"]
[White "Klasan, Vladimir"]
[Black "Bujisic, Vlastimir"]
[Result "1-0"]
[WhiteTitle "IM"]
[BlackTitle "FM"]
[WhiteElo "2384"]
[BlackElo "2198"]
[WhiteFideId "934054"]
[BlackFideId "914843"]
[EventDate "2018.05.19"]

1. e4 e5 2. Nf3 Nf6 3. Nxe5 d6 4. Nf3 Nxe4 5. c4 Be7 6. d4 O-O 7. Bd3 d5 8. O-O
Bg4 9. h3 Bh5 10. Re1 Nf6 11. Nc3 Nc6 12. g4 dxc4 13. Bxc4 Bg6 14. Ne5 Na5 15.
Bf1 Nd7 16. Bg2 Nxe5 17. dxe5 c6 18. b3 Qc7 19. Bb2 Rad8 20. Qe2 Rd3 21. Rad1
Rfd8 22. Rxd3 Bxd3 23. Qf3 Bg6 24. Ne4 c5 25. Nd6 Bxd6 26. exd6 Qb6 27. Qc3 f6
28. Bd5+ Kh8 29. Qxf6 1-0

[Event "3rd Sat Djenovici May IM"]
[Site "Djenovici MNE"]
[Date "2018.05.24"]
[Round "6.2"]
[White "Zherebtsova, Alexandra"]
[Black "Peng, Shunkai"]
[Result "0-1"]
[WhiteTitle "WFM"]
[BlackTitle "FM"]
[WhiteElo "2203"]
[BlackElo "2203"]
[WhiteFideId "24129518"]
[BlackFideId "8614601"]
[EventDate "2018.05.19"]

1. d4 e6 2. Nf3 d5 3. c4 Bb4+ 4. Nc3 Nf6 5. a3 Bxc3+ 6. bxc3 Ne4 7. Qc2 c5 8. e3
Qa5 9. Bb2 O-O 10. Bd3 Nf6 11. O-O b5 12. cxb5 c4 13. Be2 Qxb5 14. a4 Qa5 15.
Ba3 Re8 16. Nd2 Qc7 17. f4 Bb7 18. g4 Ne4 19. g5 Nd7 20. Rf3 f5 21. gxf6 Ndxf6
22. Rff1 Qf7 23. Ra2 Qg6+ 24. Kh1 Bc6 25. Bf3 Bxa4 26. Qxa4 Nxc3 27. Qc2 Nxa2
28. Qxa2 Qd3 29. Re1 Rac8 30. Bd6 c3 31. Nb3 c2 32. Nc1 Qd2 33. Rg1 Qxe3 34. Be2
Ne4 35. Be5 Nf2+ 36. Kg2 Nh3 37. Rf1 Rf8 38. Qxa7 Rf7 39. Qa6 Re8 40. Qa4 Ref8
41. f5 Rxf5 42. Rxf5 exf5 43. Qxc2 Ng5 44. Qc7 Qh3+ 45. Kg1 Nf7 46. Nd3 Qe3+ 47.
Kf1 f4 48. Bxf4 Qxd4 49. Ke1 Re8 50. Kd2 Qe4 51. Nc1 Qe6 52. Bb5 Qe1+ 53. Kc2
Rf8 54. Bg3 Qe6 55. Bd7 Qe7 56. Bh3 Qxc7+ 57. Bxc7 Ng5 58. Bg4 h5 59. Bd6 Rf6
60. Be5 Rc6+ 0-1